000
00310nam a22001337a 4500
003
SGT
082
_a
320
_b
H04C
100
_a
CHATTERJEE, SOMNATH
245
_a
HIREN MUKHERJEE IN PARLIAMENT
260
_a
INDIA
_b
LOK SABHA SECRETARIAT
_c
2004
300
_a
624
650
_a
POLITICAL SCIENCE
942
_2
ddc
_c
BK
999
_c
26302
_d
26302